Durantham Kalapam Pratheeksha (Record no. 137619)

MARC details
000 -LEADER
fixed length control field 00563nam a22002057a 4500
003 - CONTROL NUMBER IDENTIFIER
control field OSt
005 - DATE AND TIME OF LATEST TRANSACTION
control field 20251211115625.0
008 - FIXED-LENGTH DATA ELEMENTS--GENERAL INFORMATION
fixed length control field 251211b |||||||| |||| 00| 0 eng d
020 ## - INTERNATIONAL STANDARD BOOK NUMBER
International Standard Book Number 9789390010073
040 ## - CATALOGING SOURCE
Transcribing agency SBCL
082 ## - DEWEY DECIMAL CLASSIFICATION NUMBER
Classification number 248
Item number DHU-S
100 ## - MAIN ENTRY--PERSONAL NAME
Personal name Sebastian,Sunny
245 ## - TITLE STATEMENT
Title Durantham Kalapam Pratheeksha
Remainder of title C.J Yude Krithikalil
260 ## - PUBLICATION, DISTRIBUTION, ETC.
Place of publication, distribution, etc. Kottayam
Name of publisher, distributor, etc. Sunny Sebastian
Date of publication, distribution, etc. 2020
300 ## - PHYSICAL DESCRIPTION
Extent 222p.
630 ## - SUBJECT ADDED ENTRY--UNIFORM TITLE
General subdivision Religion
650 ## - SUBJECT ADDED ENTRY--TOPICAL TERM
Topical term or geographic name entry element Christian moral & devotional theology
650 ## - SUBJECT ADDED ENTRY--TOPICAL TERM
Topical term or geographic name entry element Christian experience, practice & life
942 ## - ADDED ENTRY ELEMENTS (KOHA)
Koha item type BOOK

No items available.

Powered by Koha